| 000 | 00405nam a2200181Ia 4500 | ||
|---|---|---|---|
| 005 | 20240823051822.0 | ||
| 008 | 240823s9999||||xx |||||||||||||| ||und|| | ||
| 041 | _aENGLISH | ||
| 082 | _A539.7 N3 | ||
| 100 | _aSharma R C | ||
| 245 | 0 | _aNuclear Physics | |
| 250 | _a1st | ||
| 260 |
_c1993 _b"K Nath,Meerut" |
||
| 500 | _aYES | ||
| 650 |
_aNuclear Physics _bPhysics |
||
| 942 | _cBK | ||
| 999 |
_c220443 _d220443 |
||